Heights in diophantine geometry

Guardat en:
Dades bibliogràfiques
Autors principals: Bombieri, Enrico (Autor), Gubler, Walter (Autor)
Format: Llibre
Idioma:anglès
Publicat: Cambridge Cambridge University 2006
Edició:1a. ed
Col·lecció:New Mathematical Monographs, 4
Matèries:
Etiquetes: Afegir etiqueta
Sense etiquetes, Sigues el primer a etiquetar aquest registre!

MARC

LEADER 00000cam a2200000 a 4500
001 UCF8241
003 CL-VaPUC
008 130808e20060000uk |||||||||||||||||eng|d
020 |a 9780521712293 
082 0 4 |a 516.35  |b BOM  |2 21 
100 0 |a Bombieri, Enrico  |e author  |9 570331 
700 0 |a Gubler, Walter  |e author  |9 570332 
245 1 0 |a Heights in diophantine geometry 
250 |a 1a. ed 
300 |a 652 p 
942 |c BK 
945 |d 20130808 11:32:00  |a cmena 
260 |a Cambridge  |b Cambridge University  |c 2006 
650 0 |a Geometría algebraica  |9 270327 
650 0 |a Aritmética   |9 270049 
650 0 |a Álgebra  |9 259567 
583 |a last modification  |c 20130808 11:32:00  |k Rodrigo Vera 
490 0 |a New Mathematical Monographs, 4 
999 |c 352863  |d 352861 
952 |0 0  |1 0  |4 0  |6 516_350000000000000_BOM_2006  |7 0  |8 A  |9 457597  |a BIBMAT  |b BIBMAT  |d 2019-11-22  |i 4993004  |o 516.35 BOM 2006  |p 4993004  |r 2025-01-07  |w 2019-11-22  |y BK  |k MAT